000 01070nam a2200289 i 4500
003 DO-SdBNP
005 20250224115739.0
007 ta
008 250224b2015 dr ||||| |||| 00| 0 spa d
020 _a9789945893021
040 _aDO-SdBNP
_bspa
_cBNPHU
_erda
082 4 _axxx
_bxxx
_222
245 0 0 _aAntología de poesía social (Siglos XIX-XXI) /
_cselección y edición, Ángela Hernández Núñez ; prólogo, Mateo Morrison
264 4 _aSanto Domingo :
_bRefineria Dominicana de Petroleo,
_c©2015.
300 _a226 páginas ;
_c24 cm.
336 _atexto
_btxt
_2rdacontent
337 _asin mediación
_bn
_2rdamedia
338 _avolumen
_bnc
_2rdacarrier
490 _aColección Poesía Dominicana
_v2
500 _aIncluye referencias bibliográficas y notas al pie de las páginas
504 _aBibliografía : páginas 221-226
590 _aInventariado, 2025/BT
700 1 _aHernández Núñez, Ángela,
_eselección y edición
_4sel. y ed.
_987036
700 1 _aMorrison, Mateo,
_eprologuista
_4pr.
_979661
910 _aBtavárez
942 _2ddc
_cLBS1
999 _c58202
_d58202